ბათუმის შოთა რუსთაველის სახელმწიფო უნივერსიტეტის ბიბლიოთეკა

Горгиппия: (ბიბ.ჩანაწერი № 60880)

000 -LEADER
fixed length control field 00636nam a22001337a 4500
005 - DATE AND TIME OF LATEST TRANSACTION
control field 20231114120704.0
008 - FIXED-LENGTH DATA ELEMENTS--GENERAL INFORMATION
fixed length control field 231114s1982 ru ||||| |||| 00| 0 rus d
080 ## - UNIVERSAL DECIMAL CLASSIFICATION NUMBER
Universal Decimal Classification number 902.6 Г-67
245 ## - TITLE STATEMENT
Title Горгиппия:
Remainder of title Выпуск 2. (Материалы Анапской археологической экспедиции) /
264 ## - PRODUCTION, PUBLICATION, DISTRIBUTION, MANUFACTURE, AND COPYRIGHT NOTICE
Place of production, publication, distribution, manufacture Краснодар :
Name of producer, publisher, distributor, manufacturer Красноярское книжное издательство,
Date of production, publication, distribution, manufacture, or copyright notice 1982.
300 ## - PHYSICAL DESCRIPTION
Extent 188 стр.:
Other physical details ил.;
Dimensions 21 см.
653 ## - INDEX TERM--UNCONTROLLED
keyword ანაპას არქეოლოგიური ექსპედიციის მასალები
942 ## - ADDED ENTRY ELEMENTS (KOHA)
Source of classification or shelving scheme
Koha item type წიგნი
ეგზემპლარები
Withdrawn status Lost status Source of classification or shelving scheme Damaged status Not for loan Permanent Location Current Location Shelving location Date acquired Cost, normal purchase price Full call number Barcode Date last seen Copy number Uniform Resource Identifier Price effective from Koha item type Public note
          ბათუმის შოთა რუსთაველის სახელმწიფო უნივერსიტეტის მთავარი ბიბლიოთეკა ბათუმის შოთა რუსთაველის სახელმწიფო უნივერსიტეტის მთავარი ბიბლიოთეკა წიგნსაცავი 2023-11-14 5.00 902.6 Г-67 65440 2023-11-14 65440 ბსუ-ს საპატიო დოქტორის გურამ ლორთქიფანიძის საჩუქარი 2023-11-14 წიგნი 5 ლ.